00293nam a2200121Ia 4500008004100000020001800041041000800059082000800067100001000075245004500085260003300130300000800163230116s9999 xx 000 0 und d a9788190852814 aeng a720 aAadi. aArchitecture Conceptual To The Manifest. bAADI Centre Ahmedabad.c2012 a192